Catálogo
Digital

Catálogo
Digital

Manual técnico para el aprovechamiento y elaboración de Biomasa Forestal (Record no. 14167)

MARC details
000 -CABECERA
campo de control de longitud fija 01999nam a2200301 4500
003 - IDENTIFICADOR DEL NÚMERO DE CONTROL
campo de control EC-UNACH
005 - FECHA Y HORA DE LA ÚLTIMA TRANSACCIÓN
campo de control 20251110140155.0
006 - CÓDIGOS DE INFORMACIÓN DE LONGITUD FIJA--CARACTERÍSTICAS DEL MATERIAL ADICIONAL
campo de control de longitud fija s||||gr|||| 00| 00
008 - DATOS DE LONGITUD FIJA--INFORMACIÓN GENERAL
campo de control de longitud fija 150116t9999 mx r gr 000 0 spa d
020 ## - NÚMERO INTERNACIONAL ESTÁNDAR DEL LIBRO
Número Internacional Estándar del Libro 978-84-96442-34-4
040 ## - FUENTE DE LA CATALOGACIÓN
Centro catalogador/agencia de origen EC-UNACH
Centro/agencia transcriptor EC-UNACH
041 ## - CÓDIGO DE LENGUA
Código de lengua del texto/banda sonora o título independiente spa
082 04 - NÚMERO DE LA CLASIFICACIÓN DECIMAL DEWEY
Número de edición 23
Número de clasificación 631.584
Número de documento/Ítem L017917
110 ## - ENTRADA PRINCIPAL--NOMBRE DE ENTIDAD CORPORATIVA
Nombre de entidad corporativa o nombre de jurisdicción como elemento de entrada Fucovasa y Mundi - Prensa
245 ## - MENCIÓN DE TÍTULO
Título Manual técnico para el aprovechamiento y elaboración de Biomasa Forestal
250 ## - MENCIÓN DE EDICIÓN
Mención de edición Primera Edición
264 ## - Producción, publicación, distribución, fabricación y copyright
Lugar de producción, publicación, distribución, fabricación España
Nombre del de productor, editor, distribuidor, fabricante Fucovasa y Mundi - Prensa
Fecha de de producción, publicación, distribución, fabricación o copyright 2009
300 ## - DESCRIPCIÓN FÍSICA
Extensión 348
505 ## - NOTA DE CONTENIDO CON FORMATO
Nota de contenido con formato 1. Fundamentos de los sistemas de aprovechamiento de biomasa forestal primaria. 2. La maquinaria empleada para el aprovechamiento y elaboración de biomasa forestal. 3. Impactos negativos potenciales de la extracción de biomasa forestal. 4. Practicas recomendables por razones de seguridad y salud. 5. El aprovechamiento integral de biomasa en los resalveos de montes bajos de Rebollo. 6. El aprovechamiento de los restos de corta de choperas para biomasa. 7. El aprovechamiento integral de biomasa en claras sobre repoblaciones de Pinus sylvestris L. y Pinus pinaster Ait. 8. El aprovechamiento de biomasa para usos energéticos. 9. El aprovechamiento de tocones como biomasa forestal en las cortas a hecho de pinares de pino silvestre y resinero. 10. Otras experiencias de aprovechamiento de biomasa forestal en tratamientos selvicolas sobre pinares y en podas de encinares. 11. Situación de aprovechamiento de biomasa forestal en tres países cercanos con distancias políticas de fomento: Portugal, Francia e Italia. Conclusiones sobre políticas de incentivación a las energías renovables de origen forestal
650 ## - PUNTO DE ACCESO ADICIONAL DE MATERIA--TÉRMINO DE MATERIA
Término de materia o nombre geográfico como elemento inicial FUNDAMENTOS DE LOS SISTEMAS
650 ## - PUNTO DE ACCESO ADICIONAL DE MATERIA--TÉRMINO DE MATERIA
Término de materia o nombre geográfico como elemento inicial MAQUINARIA EMPLEADA
650 ## - PUNTO DE ACCESO ADICIONAL DE MATERIA--TÉRMINO DE MATERIA
Término de materia o nombre geográfico como elemento inicial MEDIDAS PREVENTIVAS Y CORRECTORAS
700 ## - PUNTO DE ACCESO ADICIONAL--NOMBRE DE PERSONA
Nombre de persona Eduardo Tolosana
942 ## - ELEMENTOS DE PUNTO DE ACCESO ADICIONAL (KOHA)
Fuente del sistema de clasificación o colocación Clasificación Decimal Dewey
Tipo de ítem Koha Libros
999 ## - NÚMEROS DE CONTROL DE SISTEMA (KOHA)
Koha biblionumber 14167
Holdings
Estado de pérdida Fuente del sistema de clasificación o colocación Estado dañado No para préstamo Localización permanente Ubicación/localización actual Ubicación en estantería Fecha de adquisición Fuente de adquisición Número de inventario Total de préstamos Signatura topográfica completa Código de barras Fecha visto por última vez Precio válido a partir de Tipo de ítem Koha Centro de costos
  Clasificación Decimal Dewey     Biblioteca Campus Norte Biblioteca Campus Norte Facultad de Ingeniería - Generalidades 10/11/2025 Transitoria segunda Resolución N°0311-CU-UNACH-SE-ORD-16-09-24 39933385   631.584 TOL L017917 L017917 10/11/2025 10/11/2025 Libros  

Powered by Koha